| 000 | 00602nam a2200205 4500 | ||
|---|---|---|---|
| 001 | 112650 | ||
| 003 | ES-MaACL | ||
| 005 | 20230906185602.0 | ||
| 007 | t| | ||
| 008 | 061121s1957 sp r ||||1| spa d | ||
| 100 | 1 |
_aMur Vilaseca, Tomás. _984531 |
|
| 245 | 1 | 0 |
_aHacia la conquista del Universo _b: etapas de la astronáutica / _cTomás Mur Vilaseca. |
| 250 | _a[1ª ed.]. | ||
| 260 |
_aBarcelona : _bAymá, _c1957. |
||
| 300 |
_a225 p. 7 lám. ; _c19 cm. |
||
| 490 | 1 | _aColección odisea | |
| 830 | 0 |
_aColección odisea _9182133 |
|
| 852 |
_aES-MaACL _jC-13882 _bR.41720 |
||
| 999 |
_c112650 _d112650 |
||